Gwendoline Christie Filmography - Statistics

General Stats
  • This quiz has been taken 82 times
    6 since last reset
  • The average score is 22 of 48
Answer Stats
Type Year Name % Correct
TV Show 2012-2019 Game of Thrones
100%
Film 2017 Star Wars: Episode VIII - The Last Jedi
83%
Web Series 2022-Present Wednesday
83%
Video Game 2016 LEGO Star Wars: The Force Awakens
67%
Film 2015 Star Wars: Episode VII - The Force Awakens
67%
Film 2016 Absolutely Fabulous: The Movie
50%
Film 2025 After This Death
50%
Film 2019 A Midsummer Night's Dream
50%
Theater 2019 A Midsummer Night's Dream
50%
Theater 2009 Breakfast at Tiffany's
50%
Theater 2007 Cymbeline
50%
Theater 2010 Dr. Faustus
50%
Film 2022 Flux Gourmet
50%
Theater 2009 Giantbum
50%
Web Series 2022 Green Eggs and Ham
50%
Film 2018 In Fabric
50%
Theater 2006 Mirandolina
50%
Film 2019 Our Friend
50%
Short Film 2011 Ourhouse: Class
50%
Short Film 2011 Ourhouse: Games
50%
Theater 2006 Pravda
50%
Film 2024 Robin and the Hoods
50%
TV Show TBA Schwarzes Gold
50%
Documentary Series 2010 Seven Ages of Britain
50%
Web Series 2025 Severance
50%
Video Game 2025 Sid Meier's Civilization VII
50%
Theater 2009 Skin Deep
50%
TV Show 2018 Star Wars Resistance
50%
Podcast 2022 The Callisto Protocol: Helix Station
50%
Film 2018 The Darkest Minds
50%
Film 2015 The Hunger Games: Mockingjay - Part 2
50%
Film 2009 The Imaginarium of Doctor Parnassus
50%
Film 2019 The Personal History of David Copperfield
50%
Web Series 2022-2025 The Sandman
50%
Film 2013 The Zero Theorem
50%
TV Show 2017 Top of the Lake
50%
Film 2018 Welcome to Marwen
50%
TV Show 2012-2013 Wizards vs. Aliens
50%
Web Series 2015 Love Advent
33%
Video Game 2017 Star Wars: Battlefront II
33%
Film 2007 The Time Surgeon
33%
Documentary Series 2019 60 Minutes
0%
Theater 2005-2006 Great Expectations
0%
Documentary 2022 Loving Highsmith
0%
TV Special 2016 Madonna: Rebel Heart Tour
0%
Documentary 2024 Nighthawk: Maison Margiela Artisanal
0%
Short Film 2011 Ourhouse: The Curse of Folly
0%
Commercial 2021 Swarovski
0%
No matching quizzes found
Score Distribution
Percent of People with Each Score
Percentile by Number Answered
Your Score History
You have not taken this quiz since the last reset